Keynesianismo una peligrosa ilusión : (Record no. 10827)

MARC details
000 -LEADER
fixed length control field 00700nam a22002177a 4500
005 - DATE AND TIME OF LATEST TRANSACTION
control field 20250307171112.0
008 - FIXED-LENGTH DATA ELEMENTS--GENERAL INFORMATION
fixed length control field 231113b ||||| |||| 00| 0 spa d
020 ## - INTERNATIONAL STANDARD BOOK NUMBER
International Standard Book Number 987-9306-14-7
040 ## - CATALOGING SOURCE
Transcribing agency AR-FvUNAJ
082 14 - DEWEY DECIMAL CLASSIFICATION NUMBER
Edition number 14
Classification number 330.15
100 1# - MAIN ENTRY--PERSONAL NAME
9 (RLIN) 21377
Personal name Holloway, John
245 10 - TITLE STATEMENT
Title Keynesianismo una peligrosa ilusión :
Remainder of title un aporte al debate de la teoría del cambio social /
Statement of responsibility, etc John Holloway
250 ## - EDITION STATEMENT
Edition statement 2a ed.
260 ## - PUBLICATION, DISTRIBUTION, ETC. (IMPRINT)
Place of publication, distribution, etc Buenos Aires:
Name of publisher, distributor, etc Herramienta,
Date of publication, distribution, etc 2004
300 ## - PHYSICAL DESCRIPTION
Extent 158 p.
650 27 - SUBJECT ADDED ENTRY--TOPICAL TERM
Source of heading or term unescot
9 (RLIN) 4468
Topical term or geographic name as entry element TEORÍA ECONÓMICA
650 24 - SUBJECT ADDED ENTRY--TOPICAL TERM
9 (RLIN) 1644
Topical term or geographic name as entry element KEYNESIANISMO
Source of heading or term unescot
650 24 - SUBJECT ADDED ENTRY--TOPICAL TERM
9 (RLIN) 855
Topical term or geographic name as entry element POLITICA ECONOMICA
Source of heading or term unescot
650 27 - SUBJECT ADDED ENTRY--TOPICAL TERM
9 (RLIN) 1295
Topical term or geographic name as entry element MERCADO DE TRABAJO
Source of heading or term unescot
942 ## - ADDED ENTRY ELEMENTS (KOHA)
Source of classification or shelving scheme Dewey Decimal Classification
Item type Libro, folleto, traducción
980 ## - EQUIVALENCE OR CROSS-REFERENCE-SERIES STATEMENT--PERSONAL NAME/TITLE [LOCAL, CANADA]
Linkage 19226
Personal name Palazón Marcela I.
Field link and sequence number 19226
Miscellaneous information Palazón Marcela I.
Holdings
Withdrawn status Lost status Source of classification or shelving scheme Damaged status Not for loan Home library Current library Date acquired Total Checkouts Full call number Barcode Date last seen Copy number Price effective from Koha item type
    Dewey Decimal Classification     Biblioteca Central Biblioteca Central 07/03/2025   330.15 HOL UNAJ25030030 07/03/2025 1 07/03/2025 Libro, folleto, traducción

Lunes a Viernes 8:30 a 19:00 hs. Cerrado por mudanza
Av.Calchaqui 6200 Florencio Varela (CP188) 2°piso Edificio Mosconi Aula 209-210
Mail: bibliotecacentralunaj@gmail.com  
Whatsapp(54 9)1122668024    ❔Pregunte a la bibliotecaria
© Universidad Nacional Arturo Jauretche | Secretaría Académica | Biblioteca Central UNAJ